000
00318nam a2200133Ia 4500
008
231017s9999 xx 000 0 und d
082
_a
363.12563/HOV
082
_b
HOV
245
0
_a
Development of Crash Reduction Factors
245
0
_c
Peter W. Hovey
260
_b
Peter W. Hovey
300
_c
30cm
942
_c
REP
999
_c
603686
_d
603686